Distributed systems : (Record no. 22662)
[ view plain ]
| 000 -LEADER | |
|---|---|
| fixed length control field | 00787nam a22002175a 4500 |
| 005 - DATE AND TIME OF LATEST TRANSACTION | |
| control field | 20161017151636.0 |
| 008 - FIXED-LENGTH DATA ELEMENTS--GENERAL INFORMATION | |
| fixed length control field | 161017s2015 ii a fr 001 0 eng d |
| 020 ## - INTERNATIONAL STANDARD BOOK NUMBER | |
| International Standard Book Number | 9789332549807 |
| 040 ## - CATALOGING SOURCE | |
| Original cataloging agency | EG-ScBUE |
| Language of cataloging | eng |
| Transcribing agency | EG-ScBUE |
| Modifying agency | EG-ScBUE |
| 082 04 - DEWEY DECIMAL CLASSIFICATION NUMBER | |
| Edition number | 22 |
| Classification number | 004.36 |
| Item number | TAN |
| 100 1# - MAIN ENTRY--PERSONAL NAME | |
| 9 (RLIN) | 36862 |
| Personal name | Tanenbaum, Andrew S., |
| Dates associated with a name | 1944- |
| 245 10 - TITLE STATEMENT | |
| Title | Distributed systems : |
| Remainder of title | principles and paradigms / |
| Statement of responsibility, etc | Andrew S. Tanenbaum, Maarten van Steen. |
| 260 ## - PUBLICATION, DISTRIBUTION, ETC. (IMPRINT) | |
| Place of publication, distribution, etc | Nodia, India : |
| Name of publisher, distributor, etc | Pearson, |
| Date of publication, distribution, etc | 2015. |
| 300 ## - PHYSICAL DESCRIPTION | |
| Extent | 634 p. : |
| Other physical details | ill. ; |
| Dimensions | 24 cm. |
| 500 ## - GENERAL NOTE | |
| General note | Index : p. 623-634. |
| 650 #7 - SUBJECT ADDED ENTRY--TOPICAL TERM | |
| Source of heading or term | BUEsh |
| 9 (RLIN) | 4260 |
| Topical term or geographic name as entry element | Electronic data processing |
| General subdivision | Distributed processing. |
| 650 #7 - SUBJECT ADDED ENTRY--TOPICAL TERM | |
| 9 (RLIN) | 11315 |
| Topical term or geographic name as entry element | Distributed operating systems (Computers) |
| Source of heading or term | BUEsh |
| 653 ## - INDEX TERM--UNCONTROLLED | |
| Resource For college | Informatics and Computer Science |
| Arrived date list | October2016 |
| 700 1# - ADDED ENTRY--PERSONAL NAME | |
| Personal name | Steen, Maarten van. |
| 9 (RLIN) | 11316 |
| 942 ## - ADDED ENTRY ELEMENTS (KOHA) | |
| Source of classification or shelving scheme | Dewey Decimal Classification |
| Withdrawn status | Item status | Source of classification or shelving scheme | Damaged status | Not for loan | Vendor | Home library | Current library | Shelving location | Date acquired | Source of acquisition | Cost, normal purchase price | Serial Enumeration / chronology | Total Checkouts | Full call number | Barcode | Date last seen | Cost, replacement price | Koha item type |
|---|---|---|---|---|---|---|---|---|---|---|---|---|---|---|---|---|---|---|
| Dewey Decimal Classification | Academic Bookshop | Central Library | Central Library | Lower Floor | 17/10/2016 | Purchase | 148.00 | 9128 | 004.36 TAN | 000034177 | 15/07/2025 | 185.00 | Book - Borrowing |